<?xml version="1.0" encoding="UTF-8"?>
<record
    xmlns:xsi="http://www.w3.org/2001/XMLSchema-instance"
    xsi:schemaLocation="http://www.loc.gov/MARC21/slim http://www.loc.gov/standards/marcxml/schema/MARC21slim.xsd"
    xmlns="http://www.loc.gov/MARC21/slim">

  <leader>00741nam a22001337a 4500</leader>
  <datafield tag="040" ind1=" " ind2=" ">
    <subfield code="c">RUA</subfield>
  </datafield>
  <datafield tag="082" ind1=" " ind2=" ">
    <subfield code="a">FIS CHR 2021 B473 Or.</subfield>
  </datafield>
  <datafield tag="100" ind1=" " ind2=" ">
    <subfield code="a">CHROENG CHANTHA &#x1785;&#x17D2;&#x179A;&#x17B9;&#x1784;&#x200B; &#x1785;&#x1793;&#x17D2;&#x1790;&#x17B6;</subfield>
  </datafield>
  <datafield tag="245" ind1=" " ind2=" ">
    <subfield code="a"> ASSESSING THE SPECIES, ABUNDANCE, DISTRIBUTION AND DIVERSITY OF SEAGRASS IN COMMUNITY FISHERIES AREA, KAMPOT PROVINCE. &#x1780;&#x17B6;&#x179A;&#x179C;&#x17B6;&#x1799;&#x178F;&#x1798;&#x17D2;&#x179B;&#x17C3;&#x179B;&#x17BE;&#x1794;&#x17D2;&#x179A;&#x1797;&#x17C1;&#x1791; &#x1797;&#x17B6;&#x1796;&#x179F;&#x1798;&#x17D2;&#x1794;&#x17BC;&#x179A;&#x1794;&#x17C2;&#x1794;&#x200B; &#x1793;&#x17B7;&#x1784;&#x179A;&#x1794;&#x17B6;&#x1799;&#x179F;&#x17D2;&#x1798;&#x17C5;&#x179F;&#x1798;&#x17BB;&#x1791;&#x17D2;&#x179A;&#x1780;&#x17D2;&#x1793;&#x17BB;&#x1784;&#x178A;&#x17C2;&#x1793;&#x179F;&#x17A0;&#x1782;&#x1798;&#x1793;&#x17CD;&#x1793;&#x17C1;&#x179F;&#x17B6;&#x1791;&#x1781;&#x17C1;&#x178F;&#x17D2;&#x178F;&#x1780;&#x17C6;&#x1796;&#x178F;</subfield>
  </datafield>
  <datafield tag="260" ind1=" " ind2=" ">
    <subfield code="a">Phnom Penh</subfield>
    <subfield code="b">RUA</subfield>
    <subfield code="c">2021</subfield>
  </datafield>
  <datafield tag="300" ind1=" " ind2=" ">
    <subfield code="a">XIV.53P</subfield>
    <subfield code="b">X.</subfield>
    <subfield code="c">29CM</subfield>
  </datafield>
  <datafield tag="856" ind1=" " ind2=" ">
    <subfield code="u">https://drive.google.com/file/d/1SuAMBpRx1p3WITgWuDzZqy9hDSMMiq-G/view?usp=sharing</subfield>
  </datafield>
  <datafield tag="942" ind1=" " ind2=" ">
    <subfield code="c">FIS</subfield>
  </datafield>
  <datafield tag="999" ind1=" " ind2=" ">
    <subfield code="c">22597</subfield>
    <subfield code="d">22597</subfield>
  </datafield>
  <datafield tag="952" ind1=" " ind2=" ">
    <subfield code="0">0</subfield>
    <subfield code="1">0</subfield>
    <subfield code="2">ddc</subfield>
    <subfield code="4">0</subfield>
    <subfield code="6">FIS_CHR_2021_000000000000000_B473_OR_1</subfield>
    <subfield code="7">0</subfield>
    <subfield code="9">97115</subfield>
    <subfield code="a">LBB</subfield>
    <subfield code="b">LBB</subfield>
    <subfield code="c">B473</subfield>
    <subfield code="d">2024-03-18</subfield>
    <subfield code="o">FIS CHR 2021 B473 Or.1</subfield>
    <subfield code="p">a077932</subfield>
    <subfield code="r">2024-03-18</subfield>
    <subfield code="w">2024-03-18</subfield>
    <subfield code="y">FIS</subfield>
  </datafield>
  <datafield tag="952" ind1=" " ind2=" ">
    <subfield code="0">0</subfield>
    <subfield code="1">0</subfield>
    <subfield code="2">ddc</subfield>
    <subfield code="4">0</subfield>
    <subfield code="6">FIS_CHR_2021_000000000000000_B473_OR_2</subfield>
    <subfield code="7">0</subfield>
    <subfield code="9">97116</subfield>
    <subfield code="a">LBB</subfield>
    <subfield code="b">LBB</subfield>
    <subfield code="c">B473</subfield>
    <subfield code="d">2024-03-18</subfield>
    <subfield code="o">FIS CHR 2021 B473 Or.2</subfield>
    <subfield code="p">a077964</subfield>
    <subfield code="r">2024-03-18</subfield>
    <subfield code="w">2024-03-18</subfield>
    <subfield code="y">FIS</subfield>
  </datafield>
  <datafield tag="952" ind1=" " ind2=" ">
    <subfield code="0">0</subfield>
    <subfield code="1">0</subfield>
    <subfield code="2">ddc</subfield>
    <subfield code="4">0</subfield>
    <subfield code="6">FIS_CHR_2021_000000000000000_B473_OR_3</subfield>
    <subfield code="7">0</subfield>
    <subfield code="9">97117</subfield>
    <subfield code="a">LBB</subfield>
    <subfield code="b">LBB</subfield>
    <subfield code="c">B473</subfield>
    <subfield code="d">2024-03-18</subfield>
    <subfield code="l">2</subfield>
    <subfield code="o">FIS CHR 2021 B473 Or.3</subfield>
    <subfield code="p">a077960</subfield>
    <subfield code="r">2025-08-14</subfield>
    <subfield code="s">2025-08-06</subfield>
    <subfield code="w">2024-03-18</subfield>
    <subfield code="y">FIS</subfield>
  </datafield>
  <datafield tag="952" ind1=" " ind2=" ">
    <subfield code="0">0</subfield>
    <subfield code="1">0</subfield>
    <subfield code="2">ddc</subfield>
    <subfield code="4">0</subfield>
    <subfield code="6">FIS_CHR_2021_000000000000000_B473_OR_4</subfield>
    <subfield code="7">0</subfield>
    <subfield code="9">97118</subfield>
    <subfield code="a">LBB</subfield>
    <subfield code="b">ML</subfield>
    <subfield code="c">B473</subfield>
    <subfield code="d">2024-03-18</subfield>
    <subfield code="l">2</subfield>
    <subfield code="o">FIS CHR 2021 B473 Or.4</subfield>
    <subfield code="p">a077956</subfield>
    <subfield code="q">2026-07-29</subfield>
    <subfield code="r">2026-06-24</subfield>
    <subfield code="s">2026-06-24</subfield>
    <subfield code="w">2024-03-18</subfield>
    <subfield code="y">FIS</subfield>
  </datafield>
  <datafield tag="952" ind1=" " ind2=" ">
    <subfield code="0">0</subfield>
    <subfield code="1">0</subfield>
    <subfield code="2">ddc</subfield>
    <subfield code="4">0</subfield>
    <subfield code="6">FIS_CHR_2021_000000000000000_B473_OR_5</subfield>
    <subfield code="7">0</subfield>
    <subfield code="9">102463</subfield>
    <subfield code="a">LBB</subfield>
    <subfield code="b">LBB</subfield>
    <subfield code="d">2025-01-29</subfield>
    <subfield code="o">FIS CHR 2021 B473 Or.5</subfield>
    <subfield code="p">A080605</subfield>
    <subfield code="r">2025-01-29</subfield>
    <subfield code="w">2025-01-29</subfield>
    <subfield code="y">FIS</subfield>
  </datafield>
  <datafield tag="952" ind1=" " ind2=" ">
    <subfield code="0">0</subfield>
    <subfield code="1">0</subfield>
    <subfield code="2">ddc</subfield>
    <subfield code="4">0</subfield>
    <subfield code="6">FIS_CHR_2021_000000000000000_B473_OR_6</subfield>
    <subfield code="7">0</subfield>
    <subfield code="9">102464</subfield>
    <subfield code="a">LBB</subfield>
    <subfield code="b">LBB</subfield>
    <subfield code="d">2025-01-29</subfield>
    <subfield code="o">FIS CHR 2021 B473 Or.6</subfield>
    <subfield code="p">A080705</subfield>
    <subfield code="r">2025-01-29</subfield>
    <subfield code="w">2025-01-29</subfield>
    <subfield code="y">FIS</subfield>
  </datafield>
</record>
